Statistics for NFL All-Time Pass TDs Leaders (thru Dec. 2014)

Click here to take the quiz!

General Stats

  • This quiz has been taken 342 times
    (321 since last reset)
  • The average score is 16 of 30

Answer Stats

Career Passing TDs Quarterback % Correct
530Peyton Manning
98%
392Tom Brady
98%
259Eli Manning
98%
508Brett Favre
93%
273Joe Montana
90%
396Drew Brees
89%
420Dan Marino
86%
232Steve Young
80%
251Ben Roethlisberger
74%
252Phillip Rivers
74%
300John Elway
73%
226Aaron Rodgers
71%
290Johnny Unitas
60%
291Warren Moon
58%
342Fran Tarkenton
53%
234Donovan McNabb
52%
237Jim Kelly
50%
254Dan Fouts
48%
242Tony Romo
47%
251Drew Bledsoe
43%
275Vinny Testaverde
40%
224Carson Palmer
39%
247Boomer Esiason
27%
239Len Dawson
26%
242Y.A. Tittle
20%
261Dave Krieg
17%
255Sonny Jurgensen
16%
236George Blanda
13%
244John Hadl
7%
214John Brodie
6%

Score Distribution

Percentile by Number Answered

Percent of People with Each Score

Your Score History

You have not taken this quiz since the last reset